Arabic Name Translation - Statistics

General Stats
  • This quiz has been taken 160 times
  • The average score is 11 of 22
Answer Stats
Arabic English % Correct
Maryam Mary
89%
Ibrahim Abraham
88%
Youssef Joseph
87%
Daoud David
81%
Yaqub Jacob
81%
Musa Moses
69%
Suleyman Solomon
66%
Iskandar Alexander
65%
Isa Jesus
65%
Zakaria Zachary
63%
Yahya John
60%
Jibril Gabriel
56%
Hawwa Eve
44%
Ismail Ishmael
44%
Ilyas Elijah
33%
Harun Aaron
31%
Yunus Jonah
25%
Boutros Peter
24%
Rahil Rachel
22%
Obaidullah Obadiah
19%
Uzair Ezra
6%
Imran Amram
4%
No matching quizzes found
Score Distribution
Percent of People with Each Score
Percentile by Number Answered
Your Score History
You have not taken this quiz